Największe Wyspy Oceanii - Statystyki

Ogólne statystyki
  • Ten quiz został rozwiązany 24 razy
  • Średni wynik to 5 z 12
Statystyki odpowiedzi
Państwo Powierzchnia (w km²) Nazwa Wyspy % Poprawnych
Australia 65 022 Tasmania
94%
Nowa Zelandia 111 583 Wyspa Północna
94%
Nowa Zelandia 145 836 Wyspa Południowa
94%
Papua-Nowa Gwinea / Indonezja 785 753 Nowa Gwinea
88%
Fidżi 5587 Vanua Levu
18%
Fidżi 10 531 Viti Levu
18%
Australia 4374 Wyspa Kangura
18%
Wyspy Salomona 5353 Guadalcanal
12%
Papua-Nowa Gwinea 35 145 Nowa Brytania
12%
Papua-Nowa Gwinea 7405 Nowa Irlandia
12%
Australia 5765 Wyspa Melville'a
6%
Papua-Nowa Gwinea 9318 Wyspa Boungainville'a
0%
Nie znaleziono quizów pasujących do podanych kryteriów
Rozkład punktacji
Procent ludzi z każdym wynikiem
Percentyl według liczby udzielonych odpowiedzi
Twoja historia wyników
Nie rozwiązałeś tego quizu